Investigating hazardous and deleterious materials (Record no. 105197)
[ view plain ]
| 000 -LEADER | |
|---|---|
| fixed length control field | 01781cam a2200253 4500 |
| 001 - CONTROL NUMBER | |
| control field | ##L132626 |
| 008 - FIXED-LENGTH DATA ELEMENTS--GENERAL INFORMATION | |
| fixed length control field | 060223n2006 000 0 eng u |
| 020 ## - INTERNATIONAL STANDARD BOOK NUMBER | |
| International Standard Book Number | 1842192914 |
| -- | 9781842192914 |
| 035 ## - SYSTEM CONTROL NUMBER | |
| System control number | (Sirsi) u132626 |
| 041 0# - LANGUAGE CODE | |
| Language code of text/sound track or separate title | eng |
| 050 04 - LIBRARY OF CONGRESS CALL NUMBER | |
| Classification number | 690.22 $2 18 |
| 100 1# - MAIN ENTRY--PERSONAL NAME | |
| Personal name | Rushton, Trevor |
| 245 00 - TITLE STATEMENT | |
| Title | Investigating hazardous and deleterious materials |
| 260 ## - PUBLICATION, DISTRIBUTION, ETC. | |
| Place of publication, distribution, etc. | London |
| Name of publisher, distributor, etc. | RICS |
| Date of publication, distribution, etc. | 2006 |
| 300 ## - PHYSICAL DESCRIPTION | |
| Extent | xii, 218p. |
| Other physical details | ill. |
| Dimensions | 30cm. |
| 350 ## - PRICE (NR) (BK AM CF MU VM SE) [OBSOLETE] | |
| Price | 49 95 |
| 505 2# - FORMATTED CONTENTS NOTE | |
| Formatted contents note | Asbestos -- CFCs -- Crystalline silica -- Formaldehyde -- Lead -- Man made mineral fibres -- Polychlorinated biphenyls (PCBs) -- Vermiculite -- Volatile organic compounds (VOCs) -- Wood preservatives -- Brick slips and brick panels -- Calcium chlorides -- Calcium silicate brickwork -- Cem-fil -- High alumina cement (HAC) concrete -- Mundic -- Sea dredged aggregates -- Wood wool slabs or wood wool cement boards -- Cement fibre slates -- Composite panels -- Galvanised steel wall ties -- Hollow clay pot floors -- Nickel sulphides -- RAAC planks -- Thin stone panels -- Hair plaster -- Masonry and steel. |
| 520 ## - SUMMARY, ETC. | |
| Summary, etc. | A practical guide for the identification and treatment of problems associated with certain building elements. Gives advice on the nature of the material, its normal use, problem areas, methods of diagnosis and analysis, and methods of repair. Examines the history of the use of the materials in question, and provides guidance as to the ages and types of building most likely to be at risk. Intended for building surveyors, home inspectors, building engineers, architects, facilities managers, students and other built environment professionals. |
| 590 ## - LOCAL NOTE (RLIN) | |
| Local note | IKA180706 |
| 651 #4 - SUBJECT ADDED ENTRY--GEOGRAPHIC NAME | |
| Geographic name | International |
| 690 ## - LOCAL SUBJECT ADDED ENTRY--TOPICAL TERM (OCLC, RLIN) | |
| Topical term or geographic name as entry element | BUILT ENVIRONMENT-BUILDING PATHOLOGY |
| 942 ## - ADDED ENTRY ELEMENTS (KOHA) | |
| Suppress in OPAC | 0 |
| Withdrawn status | Lost status | Source of classification or shelving scheme | Damaged status | Not for loan | Home library | Current library | Shelving location | Date acquired | Total Checkouts | Full call number | Barcode | Date last seen | Copy number | Price effective from | Koha item type | Date last checked out |
|---|---|---|---|---|---|---|---|---|---|---|---|---|---|---|---|---|
| Dewey Decimal Classification | Archives | Archives | RICS Boxes | 17/07/2006 | RICS 2006/22 | 30073125 | 26/04/2024 | 1 | 06/08/2019 | Reference material | ||||||
| Dewey Decimal Classification | London | London | Missing | 17/07/2006 | RICS 2006/22 | 30073126 | 06/08/2019 | 1 | 06/08/2019 | Archive | ||||||
| Dewey Decimal Classification | London | London | Missing | 17/07/2006 | 22 | F690.22 RUS | 30073127 | 06/08/2019 | 2 | 06/08/2019 | Book | 22/10/2009 |